000 00316nam a22001337a 4500
008 170926b xxu||||| |||| 00| 0 eng d
020 _a9780312390204
041 _aeng
080 _a37
100 _a46
101 _aEDU
245 _aRESPURVE FOR TEACHING A WORLD OF IDEAS
_cJACOBUS.L.A
942 _2udc
_cBK
999 _c29950
_d29950